Convenio de Cooperación Interinstitucional entre el Consejo Nacional de Drogas, Ministerio de Salud Pública, Consejo Nacional para la Niñez y la Adolescencia, Ministerio de Educación, Procuraduría General de la República y el Ayuntamiento del Distrito Nacional, relativo a la problemática del consumo de sustancia psicoactivas en los niños, niñas y adolescentes (Record no. 9748)
[ view plain ]
| 000 -LEADER | |
|---|---|
| campo de control de longitud fija | 00733nam a2200145Ia 4500 |
| 001 - NÚMERO DE CONTROL | |
| campo de control | 3191 |
| 008 - DATOS DE LONGITUD FIJA--INFORMACIÓN GENERAL | |
| campo de control de longitud fija | 241024s9999 xx 000 0 und d |
| 082 ## - NÚMERO DE LA CLASIFICACIÓN DECIMAL DEWEY | |
| Número de clasificación | RD/328/R426c |
| 100 ## - ENTRADA PRINCIPAL--NOMBRE DE PERSONA | |
| Nombre de persona | República Dominicana. Presidencia de la República Dominicana |
| 245 #0 - MENCIÓN DEL TÍTULO | |
| Título | Convenio de Cooperación Interinstitucional entre el Consejo Nacional de Drogas, Ministerio de Salud Pública, Consejo Nacional para la Niñez y la Adolescencia, Ministerio de Educación, Procuraduría General de la República y el Ayuntamiento del Distrito Nacional, relativo a la problemática del consumo de sustancia psicoactivas en los niños, niñas y adolescentes |
| 260 ## - PUBLICACIÓN, DISTRIBUCIÓN, ETC. | |
| Nombre del editor, distribuidor, etc. | Santo Domingo |
| Fecha de publicación, distribución, etc. | 2013 |
| 590 ## - NOTA LOCAL (RLIN) | |
| Nota local | si |
| 901 ## - ELEMENTOS DE DATOS A LOCAL LDA (RLIN) | |
| a | 4/9/2013 12:11:37 p.m. |
No items available.